[Event "ESP-chT Rapid"]
[Site "Ubeda"]
[Date "2024.08.25"]
[Round "1.27"]
[White "Cabezas Ayala, Ivan"]
[Black "Moyano Rodriguez, Jose"]
[Result "1-0"]
[WhiteElo "2236"]
[BlackElo "1787"]
[PlyCount "45"]
[EventDate "2024.08.25"]
[EventType "team-swiss (rapid)"]
[EventRounds "7"]
[EventCountry "ESP"]
[SourceTitle "CBM 221 Extra"]
[Source "ChessBase"]
[SourceDate "2024.09.30"]
[SourceVersion "1"]
[SourceVersionDate "2024.09.30"]
[SourceQuality "1"]
[WhiteTeam "Extremadura Magic"]
[BlackTeam "Santa Juana"]
[WhiteTeamCountry "ESP"]
[BlackTeamCountry "ESP"]

1. e4 e5 2. Nf3 Nc6 3. Bb5 a6 4. Ba4 Nf6 5. 0-0 b5 6. Bb3 Be7 7. Re1 Na5 8. Nxe5 Nxb3 9. axb3 0-0 10. d4 d6 11. Nc6 Qd7 12. Nxe7+ Qxe7 13. Bg5 Qe6 14. Qf3 Bb7 15. Nd2 Rae8 16. Bxf6 gxf6 17. Re3 Kh8 18. Rae1 Rg8 19. c3 f5 20. d5 Qg6 21. exf5 Qg7 22. Rxe8 Rxe8 23. Rxe8+ 1-0